000 00435nam a22001817a 4500
003 MPLRDC
005 20220104113935.0
008 210129b ||||| |||| 00| 0 eng d
082 _a848.2 YM v.2
100 _a杨牧著
245 _a叶珊散文集
_c
250 _a三版
260 _a
_b洪范书店有限公司
_c1978
300 _b
490 _a洪范文学丛书;12
650 _a现代别集
942 _cBK
_o848.2 YM v.2
999 _c3551
_d3541